| 000 | 00564nam a22001577a 4500 | ||
|---|---|---|---|
| 003 | NUST | ||
| 038 | _aNusrat Nadeem | ||
| 082 | _a200 | ||
| 100 |
_aShah, Muneeb Ullah _9134108 |
||
| 245 |
_aThe Power of Machine Learning: A Comparative Analysis of Traditional Econometrics and Machine Learning Models in Child Health/ _cMuneeb Ullah Shah, |
||
| 264 |
_aIslamabad: _bS3H NUST, _c2026. |
||
| 650 |
_aMS-Economics _9123068 |
||
| 700 |
_aSupervisor: Dr. Tanweer Ul Islam _9114392 |
||
| 856 | _uhttp://10.250.8.41:8080/xmlui/handle/123456789/57564 | ||
| 942 |
_2ddc _cSC |
||
| 999 |
_c617045 _d617045 |
||